Statistiques concernant Culture Générale - Série 1950

Cliquez ici pour prendre le quiz!

Statistiques générales

  • Ce quiz a été pris 89 fois
  • Le résultat moyen est 4 sur 10

Statistiques - réponses

QuestionRéponse% Correct
Quelle confiserie a fait la renommée d'Aix en Provence ?calisson
92%
Ce mot désigne un revêtement de sol et un prénom masculin d'origine latine.lino
60%
Quel poisson de l'Atlantique Nord est recherché pour ses oeufs présentés comme succédané du caviar d'esturgeon ?lump
59%
Quel poisson de roche est incontournable dans la préparation de la bouillabaisse ?rascasse
59%
Quel anglicisme désigne un brouillard épais formé de particules de suie et de gouttes d'eau, dans certaines régions humides et industrielles ?smog
55%
Quel mot désigne à la fois : un moine,un singe,un pigeon,un lièvre ?capucin
40%
Quelle actrice et danseuse américaine, d'origines irlandaise, anglaise et espagnole fut l'un des grands sex symbol féminins des années 1940 ? voir photoRita Hayworth
24%
Quelle est la nationalité du mannequin Coco Rocha ?canadienne
8%
Comment appelle-t-on le jeu d'enfants dans lequel on cache un mouchoir roulé en boule à l'insu des joueurs et qu'il s'agit de leur faire découvrir en disant « tu brûles, tu gèles ...?cache-tampon
2%
Quel ville a été a été le siège provisoire du gouvernement italien lors de la seconde guerre mondiale, du 11 février au 15 juillet 1944 ?Salerne
1%

Distribution des résultats

Percentile par nombre de réponses

% des personnes avec chaque résultat

Votre développement - résultats

Vous n’avez pas pris ce quiz